000 00648nam a22002292a 4500
001 14620
003 (BD -RjUL)
005 20211208235648.0
008 140208s1951 nyua 000 0 eng d
035 _a(BD -RjUL)14673
040 _aDLC
_cWSU
_dSER
_dUKM
_d(BD -RjUL)
_beng
041 _aeng
082 _a658
_bDAF 1951
100 1 _aDavis, Ralph Currier,
_d1894-
_945732
245 1 4 _aThe fundamentals of top management /
_cRalph Currier Davis .
260 _aNew York :
_bHarper,
_c1951.
300 _a825 p. :
_billus. ;
_c22 cm
650 0 _aIndustrial management
_945733
942 _2ddc
_cBK
999 _c14620
_d14620